000 00445nam a2200157 4500
005 20260204125905.0
008 260204b |||||||| |||| 00| 0 eng d
020 _a9789966047243
050 _aHF5635
_b.M35 2021
100 _aMaina, Dominic
245 _aManagement accounting:
_bstudy kit
260 _aNairobi, Kenya,
_bStrathmore University Press;
_c2021.
300 _a192 p.:
_c28 cm.
650 _aManagement accounting
942 _2lcc
_cBK
999 _c60136
_d60136